[Event "Dublin International 65+ 2024"]
[Site "Dublin IRL"]
[Date "2024.03.31"]
[Round "5.3"]
[White "Morriss, Pete"]
[Black "McMahon, Frank"]
[Result "1-0"]
[WhiteElo "1957"]
[BlackElo "1869"]
[WhiteICU "1722"]
[BlackICU "1672"]
[WhiteClub "Galway"]
[BlackClub "Malahide"]
[WhiteNationality "IRL"]
[BlackNationality "IRL"]
[WhiteFideId "2500230"]
[BlackFideId "2503395"]
[PlyCount "67"]
[FIDETournamentId "367372"]
[ChessResultsKey "912561"]
[Venue "Talbot Hotel Stillorgan"]
[EventDate "2024.03.29"]

{ Event information: <a
href="https://www.irlchess.com/dublin65plus2024_allfiles/pairings_dublin65plus2024.html">Tournament
report</a>. }

1. b4 d5 2. Bb2 e6 3. Nf3 Nf6 4. b5 c5 5. c4 d4 6. d3 b6 7. g3 Bb7 8. Bg2
Nbd7 9. O-O Be7 10. a4 Qc7 11. Nbd2 a5 12. Nb3 O-O 13. e3 e5 14. e4 Rae8
15. Nh4 Bc8 16. Nf5 Nb8 17. Bc1 Bxf5 18. exf5 Bd8 19. Nd2 Re7 20. g4 h6 21.
h4 h5 22. g5 Ng4 23. Ne4 Nd7 24. Bh3 f6 25. Bxg4 hxg4 26. g6 Rfe8 27. Qxg4
Nf8 28. f3 Qb8 29. Ra2 Rb7 30. Rh2 Qc7 31. Rff2 Qe7 32. Qh5 Rd7 33. Ng5 Qd6
34. Nf7 1-0

[Event "Dublin International 65+ 2024"]
[Site "Dublin IRL"]
[Date "2024.03.31"]
[Round "5.4"]
[White "Harding, Tim"]
[Black "Lohan, Martin"]
[Result "1-0"]
[WhiteTitle "CM"]
[WhiteElo "1931"]
[BlackElo "1861"]
[WhiteICU "1787"]
[BlackICU "1652"]
[WhiteClub "Unattached"]
[BlackClub "Dun Laoghaire"]
[WhiteNationality "IRL"]
[BlackNationality "IRL"]
[WhiteFideId "2500256"]
[BlackFideId "2512726"]
[PlyCount "52"]
[FIDETournamentId "367372"]
[ChessResultsKey "912561"]
[Venue "Talbot Hotel Stillorgan"]
[EventDate "2024.03.29"]

{ Event information: <a
href="https://www.irlchess.com/dublin65plus2024_allfiles/pairings_dublin65plus2024.html">Tournament
report</a>. }

1. c4 Nf6 2. Nf3 c5 3. Nc3 g6 4. g3 Bg7 5. Bg2 O-O 6. O-O d6 7. a3 Nc6 8.
d3 Bd7 9. Rb1 a6 10. b4 e5 11. bxc5 dxc5 12. Rxb7 Qc8 13. Rb6 Qc7 14. Rb1
Rfe8 15. Bg5 Qd6 16. Nd2 h6 17. Bxf6 Qxf6 18. Nde4 Qe7 19. Nd5 Qd8 20. Nxc5
Ra7 21. Nxd7 Rxd7 22. Qa4 Nd4 23. e3 Ne2+ 24. Kh1 Rxd5 25. Bxd5 Nc3 26. Qb4
Nxd5 1-0

[Event "Dublin International 65+ 2024"]
[Site "Dublin IRL"]
[Date "2024.04.01"]
[Round "6.1"]
[White "Keogh, Eamon"]
[Black "Doyle, Tony"]
[Result "1/2-1/2"]
[WhiteTitle "NM"]
[BlackTitle "NM"]
[WhiteElo "1912"]
[BlackElo "2035"]
[WhiteICU "1776"]
[BlackICU "1844"]
[WhiteClub "Kilkenny"]
[BlackClub "Unattached"]
[WhiteNationality "IRL"]
[BlackNationality "IRL"]
[WhiteFideId "2500264"]
[BlackFideId "2500329"]
[PlyCount "126"]
[FIDETournamentId "367372"]
[ChessResultsKey "912561"]
[Venue "Talbot Hotel Stillorgan"]
[EventDate "2024.03.29"]

{ Event information: <a
href="https://www.irlchess.com/dublin65plus2024_allfiles/pairings_dublin65plus2024.html">Tournament
report</a>. }

1. e4 c6 2. d4 d5 3. e5 Bf5 4. Nf3 e6 5. Nc3 Bb4 6. Bd2 h6 7. Ne2 Bxd2+ 8.
Qxd2 Qb6 9. c3 Ne7 10. Ng3 Bh7 11. Be2 Nd7 12. O-O O-O 13. b4 a5 14. a3
axb4 15. axb4 Qc7 16. Nh4 Nb6 17. f4 Ng6 18. Nxg6 fxg6 19. Rxa8 Rxa8 20.
Bd3 Nd7 21. Qc2 Nf8 22. h4 h5 23. Nh1 Qe7 24. g3 b5 25. Nf2 Qa7 26. Nh3 Qa2
27. Qxa2 Rxa2 28. Rf2 Ra3 29. Rc2 Kh8 30. Ng5 Bg8 31. Kf2 Nh7 32. Bxg6 Nxg5
33. hxg5 Bh7 34. Bxh7 Kxh7 35. f5 exf5 36. Ke3 Ra1 37. Re2 Kg8 38. e6 Kf8
39. Kf4 Rf1+ 40. Ke5 Ke7 41. Ra2 Re1+ 42. Kxf5 Rxe6 43. Ra7+ Kd6 44. Rxg7
Re3 45. Rh7 Rf3+ 46. Kg6 Rxc3 47. Kxh5 Rxg3 48. Rh6+ Ke7 49. Rxc6 Rh3+ 50.
Kg6 Rd3 51. Rc5 Rxd4 52. Rxb5 $18 Ke6 53. Rb6+ Ke5 54. Rb8 $2 (54. b5 $1 {
(only move) is winning for White, per the Syzygy tablebase. }) 54... Rg4 $2
(54... Rd1 $1 $10 { (only move), again per the Syzygy tablebase. }) 55. b5
Kf4 56. Rf8+ Ke3 57. Kh5 Rg1 58. b6 Rh1+ 59. Kg6 Rb1 60. Rf6 $2 (60. Rb8
$18) (60. Re8+ $18) 60... d4 $10 61. Kf7 d3 62. g6 d2 63. Rd6 Rxb6 $1
1/2-1/2

[Event "Dublin International 65+ 2024"]
[Site "Dublin IRL"]
[Date "2024.04.01"]
[Round "6.2"]
[White "Morriss, Pete"]
[Black "MacElligott, Gerard"]
[Result "1-0"]
[BlackTitle "CM"]
[WhiteElo "1957"]
[BlackElo "1954"]
[WhiteICU "1722"]
[BlackICU "1825"]
[WhiteClub "Galway"]
[BlackClub "Elm Mount"]
[WhiteNationality "IRL"]
[BlackNationality "IRL"]
[WhiteFideId "2500230"]
[BlackFideId "2500647"]
[PlyCount "85"]
[FIDETournamentId "367372"]
[ChessResultsKey "912561"]
[Venue "Talbot Hotel Stillorgan"]
[EventDate "2024.03.29"]

{ Event information: <a
href="https://www.irlchess.com/dublin65plus2024_allfiles/pairings_dublin65plus2024.html">Tournament
report</a>. }

1. e4 c5 2. c4 Nc6 3. Nc3 g6 4. g3 Bg7 5. Bg2 d6 6. Nge2 e6 7. O-O Nge7 8.
d3 O-O 9. a3 a5 10. Nb5 e5 11. Rb1 h6 12. f4 Be6 13. h3 Qd7 14. g4 f5 15.
gxf5 gxf5 16. h4 Nd4 17. Nexd4 cxd4 18. Bd2 fxe4 19. Bxe4 d5 20. f5 Nxf5
21. cxd5 Bxd5 22. Bxd5+ Qxd5 23. Nc7 Qf7 24. Nxa8 Qg6+ 25. Bg5 hxg5 26. Qg4
Nxh4 27. Rxf8+ Bxf8 28. Qe4 Qxe4 29. dxe4 Nf3+ 30. Kg2 Nd2 31. Rc1 Nxe4 32.
Re1 d3 33. Kf3 Nc5 34. Rxe5 g4+ 35. Kxg4 Bd6 36. Rd5 Ne4 37. Kf3 Nd2+ 38.
Ke3 Nc4+ 39. Kxd3 Nxb2+ 40. Kc3 Na4+ 41. Kb3 Nc5+ 42. Kc4 b5+ 43. Kxb5 1-0

[Event "Dublin International 65+ 2024"]
[Site "Dublin IRL"]
[Date "2024.04.01"]
[Round "6.3"]
[White "Salter, David"]
[Black "Harding, Tim"]
[Result "1/2-1/2"]
[BlackTitle "CM"]
[WhiteElo "1886"]
[BlackElo "1931"]
[WhiteICU "1706"]
[BlackICU "1787"]
[WhiteClub "Phibsboro"]
[BlackClub "Unattached"]
[WhiteNationality "IRL"]
[BlackNationality "IRL"]
[WhiteFideId "2501988"]
[BlackFideId "2500256"]
[PlyCount "68"]
[FIDETournamentId "367372"]
[ChessResultsKey "912561"]
[Venue "Talbot Hotel Stillorgan"]
[EventDate "2024.03.29"]

{ Event information: <a
href="https://www.irlchess.com/dublin65plus2024_allfiles/pairings_dublin65plus2024.html">Tournament
report</a>. }

1. Nf3 d5 2. d4 Nf6 3. Nbd2 e6 4. e3 c5 5. Bd3 Nc6 6. b3 cxd4 7. exd4 Qc7
8. O-O Bd6 9. Bb2 Nb4 10. Qe2 O-O 11. a3 Nxd3 12. Qxd3 a5 13. c4 b6 14.
Rfc1 Qe7 15. h3 Bb7 16. Qe3 Rfc8 17. Ne1 a4 18. b4 dxc4 19. Nxc4 Nd5 20.
Qe2 Bf4 21. Rc2 Ba6 22. g3 Bh6 23. Bc1 Qf6 24. Bxh6 Qxh6 25. Kg2 Qg6 26.
Kh2 Qf6 27. Rac1 g6 28. Kg1 Rc7 29. Qe5 Qxe5 30. dxe5 Rac8 31. Nb2 Rxc2 32.
Rxc2 Rxc2 33. Nxc2 Nc3 34. Kg2 Bb7+ 1/2-1/2

[Event "Dublin International 65+ 2024"]
[Site "Dublin IRL"]
[Date "2024.04.01"]
[Round "6.4"]
[White "Lynch, Peter J."]
[Black "Murray, Jim G."]
[Result "0-1"]
[WhiteElo "1730"]
[BlackElo "1898"]
[WhiteICU "1304"]
[BlackICU "1711"]
[WhiteClub "Knights of Eanna / Rathmines"]
[BlackClub "Lucan"]
[WhiteNationality "IRL"]
[BlackNationality "IRL"]
[WhiteFideId "2501252"]
[BlackFideId "2501490"]
[PlyCount "76"]
[FIDETournamentId "367372"]
[ChessResultsKey "912561"]
[Venue "Talbot Hotel Stillorgan"]
[EventDate "2024.03.29"]

{ Event information: <a
href="https://www.irlchess.com/dublin65plus2024_allfiles/pairings_dublin65plus2024.html">Tournament
report</a>. }

1. e4 c5 2. Nf3 Nc6 3. d4 cxd4 4. Nxd4 Nf6 5. Nc3 e5 6. Ndb5 d6 7. Bg5 a6
8. Na3 b5 9. Nd5 Be7 10. Bxf6 Bxf6 11. c3 Bg5 12. g3 O-O 13. h4 Be7 14. Bg2
Be6 15. Nc2 Bxd5 16. Qxd5 Rc8 17. a3 Na5 18. Ne3 Nc4 19. Nxc4 bxc4 20. O-O
Qb6 21. Rab1 Rc5 22. Qd2 Rb5 23. Rfe1 Rb8 24. Re2 Qc7 25. Ree1 R8b7 26. Bf3
Qb8 27. Re2 Qc7 28. Ree1 Qc5 29. Qd5 Qxd5 30. exd5 Rxb2 31. Rxb2 Rxb2 32.
Re3 Ra2 33. Be2 Rxa3 34. Bxc4 a5 35. Be2 a4 36. Kg2 f5 37. c4 Rxe3 38. fxe3
a3 0-1

[Event "Dublin International 65+ 2024"]
[Site "Dublin IRL"]
[Date "2024.04.01"]
[Round "7.1"]
[White "Doyle, Tony"]
[Black "Morriss, Pete"]
[Result "1/2-1/2"]
[WhiteTitle "NM"]
[WhiteElo "2035"]
[BlackElo "1957"]
[WhiteICU "1844"]
[BlackICU "1722"]
[WhiteClub "Unattached"]
[BlackClub "Galway"]
[WhiteNationality "IRL"]
[BlackNationality "IRL"]
[WhiteFideId "2500329"]
[BlackFideId "2500230"]
[PlyCount "53"]
[FIDETournamentId "367372"]
[ChessResultsKey "912561"]
[Venue "Talbot Hotel Stillorgan"]
[EventDate "2024.03.29"]

{ Event information: <a
href="https://www.irlchess.com/dublin65plus2024_allfiles/pairings_dublin65plus2024.html">Tournament
report</a>. }

1. Nf3 Nf6 2. g3 b5 3. Bg2 Bb7 4. O-O e6 5. d3 c5 6. a4 b4 7. a5 d5 8. Nbd2
Be7 9. e4 a6 10. Qe2 O-O 11. Re1 Nc6 12. exd5 Nxd5 13. Nc4 Bf6 14. Be3 Nxe3
15. fxe3 Qc7 16. Nfd2 Ne5 17. Bxb7 Qxb7 18. Nxe5 Bxe5 19. Nc4 Bf6 20. Qg2
Qxg2+ 21. Kxg2 Rab8 22. Kf2 Rfd8 23. Ke2 Kf8 24. e4 Rd4 25. Nd2 Rd7 26. Nc4
Rd4 27. Nd2 1/2-1/2

[Event "Dublin International 65+ 2024"]
[Site "Dublin IRL"]
[Date "2024.04.01"]
[Round "7.2"]
[White "Harding, Tim"]
[Black "Keogh, Eamon"]
[Result "1-0"]
[WhiteTitle "CM"]
[BlackTitle "NM"]
[WhiteElo "1931"]
[BlackElo "1912"]
[WhiteICU "1787"]
[BlackICU "1776"]
[WhiteClub "Unattached"]
[BlackClub "Kilkenny"]
[WhiteNationality "IRL"]
[BlackNationality "IRL"]
[WhiteFideId "2500256"]
[BlackFideId "2500264"]
[PlyCount "101"]
[FIDETournamentId "367372"]
[ChessResultsKey "912561"]
[Venue "Talbot Hotel Stillorgan"]
[EventDate "2024.03.29"]

{ Event information: <a
href="https://www.irlchess.com/dublin65plus2024_allfiles/pairings_dublin65plus2024.html">Tournament
report</a>. }

1. c4 f5 2. Nf3 Nf6 3. Nc3 b6 4. g3 Bb7 5. Bg2 e6 6. O-O Be7 7. Rb1 O-O 8.
b4 a5 9. a3 Ne4 10. Qc2 axb4 11. axb4 Bf6 12. Bb2 Na6 13. Ba1 d5 14. d3
Nxc3 15. Bxc3 d4 16. Bd2 Qc8 17. c5 bxc5 18. bxc5 Bd5 19. e4 dxe3 20. fxe3
Be7 21. e4 fxe4 22. dxe4 Bxc5+ 23. Kh1 Bc6 24. Ne5 Rxf1+ 25. Bxf1 Qe8 26.
Nxc6 Qxc6 27. Be3 Rf8 28. Bxa6 Qxa6 29. Bxc5 Rf1+ 30. Rxf1 Qxf1+ 31. Bg1
Qf3+ 32. Qg2 Qd3 33. e5 h6 34. Qc6 Kh7 35. Qg2 Qf5 36. Qe2 Qb1 37. Kg2 Qb7+
38. Kh3 Qb1 39. Bf2 Qf5+ 40. g4 Qb1 41. Kg3 Qb3+ 42. Qe3 Qb1 43. h4 h5 44.
gxh5 Qf5 45. Qg5 Qd3+ 46. Be3 Qe2 47. h6 Qe1+ 48. Bf2 Qc3+ 49. Qe3 Qc2 50.
hxg7 Kxg7 51. Qg5+ 1-0

[Event "Dublin International 65+ 2024"]
[Site "Dublin IRL"]
[Date "2024.04.01"]
[Round "7.3"]
[White "MacElligott, Gerard"]
[Black "McMahon, Frank"]
[Result "1-0"]
[WhiteTitle "CM"]
[WhiteElo "1954"]
[BlackElo "1869"]
[WhiteICU "1825"]
[BlackICU "1672"]
[WhiteClub "Elm Mount"]
[BlackClub "Malahide"]
[WhiteNationality "IRL"]
[BlackNationality "IRL"]
[WhiteFideId "2500647"]
[BlackFideId "2503395"]
[PlyCount "87"]
[FIDETournamentId "367372"]
[ChessResultsKey "912561"]
[Venue "Talbot Hotel Stillorgan"]
[EventDate "2024.03.29"]

{ Event information: <a
href="https://www.irlchess.com/dublin65plus2024_allfiles/pairings_dublin65plus2024.html">Tournament
report</a>. }

1. d4 d5 2. Nf3 Nf6 3. c4 c6 4. g3 g6 5. Bg2 Bg7 6. Nc3 O-O 7. Qb3 e6 8.
Bf4 Nh5 9. Bd2 Nd7 10. O-O Nb6 11. cxd5 exd5 12. Ne5 Bxe5 13. dxe5 Nc4 14.
Bh6 Re8 15. e4 Na5 16. Qb4 d4 17. Rfd1 d3 18. Bf1 Bg4 19. Rxd3 Qb6 20. Qxb6
axb6 21. f3 Be6 22. Rdd1 Rad8 23. Bg5 Rxd1 24. Rxd1 b5 25. b3 Ng7 26. Bd8
b6 27. Bxb6 Nb7 28. Rd2 Kf8 29. Kf2 Bc8 30. f4 Ne6 31. b4 Ke7 32. a4 bxa4
33. Nxa4 h5 34. Nb2 c5 35. Bb5 Rg8 36. bxc5 Nexc5 37. Ke3 Be6 38. Nc4 Rc8
39. Nd6 Ra8 40. Rc2 Ra3+ 41. Kf2 Bb3 42. Bxc5 Nxc5 43. Rxc5 Ra2+ 44. Ke3
1-0

[Event "Dublin International 65+ 2024"]
[Site "Dublin IRL"]
[Date "2024.04.01"]
[Round "7.4"]
[White "Murray, Jim G."]
[Black "Reynolds, Pat"]
[Result "0-1"]
[WhiteElo "1898"]
[BlackElo "1866"]
[WhiteICU "1711"]
[BlackICU "1649"]
[WhiteClub "Lucan"]
[BlackClub "Bray/Greystones"]
[WhiteNationality "IRL"]
[BlackNationality "IRL"]
[WhiteFideId "2501490"]
[BlackFideId "2501392"]
[PlyCount "32"]
[FIDETournamentId "367372"]
[ChessResultsKey "912561"]
[Venue "Talbot Hotel Stillorgan"]
[EventDate "2024.03.29"]

{ Event information: <a
href="https://www.irlchess.com/dublin65plus2024_allfiles/pairings_dublin65plus2024.html">Tournament
report</a>. }

1. d4 Nf6 2. c4 c5 3. d5 b5 4. cxb5 e6 5. Nc3 exd5 6. Nxd5 Bb7 7. Nxf6+
Qxf6 8. Nf3 d5 9. e3 Bd6 10. Be2 Nd7 11. O-O O-O 12. Rb1 Rfe8 13. b3 Ne5
14. Bb2 d4 15. exd4 Nxf3+ 16. Bxf3 Qf4 0-1